000 00863nam a2200277 4500
001 27149
003 BD-RjUL
005 20211209051123.0
008 140324s1971 enkbj b 001 0 eng
020 _a0710072104
035 _a(BD-RjUL)27220
040 _aDLC
_cDLC
_dBD-RjUL
_beng
041 _aeng
082 0 0 _a956
_bFIM 1971
100 1 _aFisher, Sydney Nettleton
_d1906-1987.
_983130
245 1 4 _aThe Middle East :
_ba history /
_cSydney Nettleton Fisher
250 _a2nd ed., revised and enlarged.
260 _aLondon :
_bRoutledge and K. Paul,
_c1971.
300 _axv, 749, xxx p. :
_bill.,geneal. tables, maps. ;
_c23 cm.
504 _aInclude bibliography and index.
651 0 _aMiddle East
_xHistory.
_983351
651 0 _aMiddle East
_xHistory
_y20th century.
_981015
942 _2ddc
_cBK
999 _c27149
_d27149